Làm thế nào để dạy con thông minh? /

Nhận biết một đứa trẻ thông minh; Bồi dưỡng trẻ em thông minh; Giáo dục trong thời kỳ thơ ấu; Trò chơi; Hoạt động thể thao và vấn đề "con một"; Vấn đề tự tu dưỡng của phụ huynh.

Сохранить в:
Библиографические подробности
Главный автор: Lý Chí Vĩ.
Другие авторы: Minh Hồng (dịch.)
Формат:
Язык:Vietnamese
Chinese
Опубликовано: [Hà Nội] : Phụ nữ, 2000.
Предметы:
Метки: Добавить метку
Нет меток, Требуется 1-ая метка записи!
Thư viện lưu trữ: Mạng thư viện Đại học Đà Nẵng
LEADER 01349cam a2200361 a 4500
001 000045042
003 4155
005 20060418092711.0
008 010308b2000 vm 000 vie
020 |c 20000 
040 |a LRC  |c LRC  |d LRC 
041 1 |a vie  |h chi 
082 1 4 |a 153  |b LY-V 
100 1 |a Lý Chí Vĩ. 
245 1 0 |a Làm thế nào để dạy con thông minh? /  |c Lý Chí Vĩ ; Minh Hồng dịch. 
260 |a [Hà Nội] :  |b Phụ nữ,  |c 2000. 
300 |a 235 tr. ;  |c 19 cm. 
520 3 |a Nhận biết một đứa trẻ thông minh; Bồi dưỡng trẻ em thông minh; Giáo dục trong thời kỳ thơ ấu; Trò chơi; Hoạt động thể thao và vấn đề "con một"; Vấn đề tự tu dưỡng của phụ huynh. 
630 0 4 |a Trí thông minh. 
650 0 4 |a Giáo dục trẻ em. 
700 1 |a Minh Hồng,  |e dịch. 
OWN |a DUT 
AVA |a UDN50  |b DUT  |c Book  |d 153 LY-V  |e available  |t Error 5001 Not defined in file expand_doc_bib_avail.  |f 3  |g 0  |h N  |i 0  |j SH  |k 1 
999 |a From the UDN01 
AVA |a UDN50  |b DUT  |c Book  |d 153 LY-V  |e available  |t Error 5001 Not defined in file expand_doc_bib_avail.  |f 3  |g 0  |h N  |i 0  |j SH  |k 1 
TYP |a Monograph 
TYP |a Printed language 
980 |a Mạng thư viện Đại học Đà Nẵng